The good soldier Svejk and his fortunes in the world war

সংরক্ষণ করুন:
গ্রন্থ-পঞ্জীর বিবরন
প্রধান লেখক: Hasek, Jaroslav 1883-1923
বিন্যাস: গ্রন্থ
ভাষা:English
প্রকাশিত: London David Campbell publishers 1993
মালা:Everymen's library
বিষয়গুলি:
ট্যাগগুলো: ট্যাগ যুক্ত করুন
কোনো ট্যাগ নেই, প্রথমজন হিসাবে ট্যাগ করুন!
Thư viện lưu trữ: Trung tâm Học liệu Lê Vũ Hùng, Trường Đại học Đồng Tháp
LEADER 00888pam a22002538a 4500
001 00025434
005 20171026081023.0
008 110804s1993 ||||||engsd
041 0 # |a eng 
082 1 4 |a 891.8  |b TH200G 
100 1 # |a Hasek, Jaroslav  |d 1883-1923 
245 1 4 |a The good soldier Svejk  |c Jaroslav Hasek ; translated and introduced by Cecil Parrott ; illustrated by Josef Lada.  |b and his fortunes in the world war 
260 # # |a London  |b David Campbell publishers  |c 1993 
300 # # |a xlv, 800 p.  |c 21 cm.  |b ill., maps 
490 # # |a Everymen's library 
504 # # |a Includes bibliographical references (p. xxx-xxxi) 
650 # 4 |a Tiệp khắc 
650 # 4 |a Truyện ngắn 
852 # # |b Kho đọc  |j KD.0008523 
852 # # |j KD.0008523 
910 |d 04/08/2011 
980 # # |a Trung tâm Học liệu Lê Vũ Hùng, Trường Đại học Đồng Tháp